Normal view
MARC view
- الملاح، نزار مصطفى
Entry Personal Name
001 - CONTROL NUMBER
- control field: 64243
003 - CONTROL NUMBER IDENTIFIER
- control field: JO-AjAnu
005 - DATE AND TIME OF LATEST TRANSACTION
- control field: 20230606084501.0
008 - FIXED-LENGTH DATA ELEMENTS
- fixed length control field: 230606|| aca||aabn | a|a d
040 ## - CATALOGING SOURCE
- Original cataloging agency: JO-AjAnu
- Transcribing agency: JO-AjAnu
100 ## - HEADING--PERSONAL NAME
- Personal name: الملاح، نزار مصطفى
670 ## - SOURCE DATA FOUND
- Source citation: Work cat.: (JO-AjAnu)32753: الملاح، نزار مصطفى, author, معجم الملاح في مصطلحات علم السموم الزراعي، ج1